Statystyki dla Państwa odwiedzające Polskę najbardziej

Kliknij tutaj aby rozwiązać quiz!

Ogólne statystyki

  • Ten quiz został rozwiązany 17 076 razy
  • Średni wynik to 12 z 15

Statystyki odpowiedzi

turyścikraj odwiedzający% Poprawnych
1 385 922Niemcy
99%
345 760Rosja
97%
274 476Ukraina
97%
99 858Czechy
95%
208 810Francja
90%
121 091Litwa
89%
176 094Hiszpania
86%
367 346Wielka Brytania
85%
235 705Stany Zjednoczone
85%
225 503Białoruś
85%
143 750Szwecja
81%
222 090Włochy
79%
179 305Norwegia
73%
128 888Holandia
57%
164 470Izrael
18%

Rozkład punktacji

Percentyl według liczby udzielonych odpowiedzi

Procent ludzi z każdym wynikiem

Twoja historia wyników

Nie rozwiązałeś tego quizu